000 00620nam a2200217Ia 4500
005 20260629163254.0
008 260629s9999||||xx |||||||||||||| ||und||
020 _a9780521729826
_qpbk
082 _a809.9332
_bSID
100 _aSiddall, Stephen
245 0 _aLandscape and literature
260 _aCambridge
_bCambridge University Press
_c2009
300 _a128p. ; 23cm.
490 _aContext in Literature
653 _aHuman geography
653 _aLandscape in literature
653 _aLiterature—History and criticism
653 _aNature in literature
653 _aSpace in literature
942 _cBK
999 _c57317
_d57317